| 000 | 00543nam a2200205Ia 4500 | ||
|---|---|---|---|
| 001 | 12064 | ||
| 003 | GE_BSU | ||
| 008 | 181216s||||||||xx |||||||||||||| ||und|| | ||
| 020 | _a9780753705728 | ||
| 040 | _cGE_BSU | ||
| 080 | _a821.111-32 | ||
| 100 | _aAldous Hixley, Edgar Allen Poe, D.H.Lawrence,Jose Conrad, J.B.Priestley,Alexander Pushkin and many more. | ||
| 245 | _aGreat Chost stories | ||
| 260 | _aLondon | ||
| 260 | _bChancellor Press. | ||
| 260 | _c2006. | ||
| 300 | _a461p;21cm. | ||
| 653 | _aStories:Ghost,Great | ||
| 942 | _cBK | ||
| 999 |
_c45241 _d45241 |
||